Our democracy : (Record no. 5342)
[ view plain ]
| 000 -LEADER | |
|---|---|
| fixed length control field | 00584nam a22001933 4500 |
| 001 - CONTROL NUMBER | |
| control field | 5342 |
| 003 - CONTROL NUMBER IDENTIFIER | |
| rucl marc code | UkOxU |
| 005 - DATE AND TIME OF LATEST TRANSACTION | |
| control field | 20211208234041.0 |
| 008 - FIXED-LENGTH DATA ELEMENTS--GENERAL INFORMATION | |
| fixed length control field | 131224s1942 enk 000 0 eng d |
| 035 ## - SYSTEM CONTROL NUMBER | |
| System control number | OCLC pks03697525 from D960930K |
| 040 ## - CATALOGING SOURCE | |
| Original cataloging agency | EQO |
| Transcribing agency | EQO |
| Language of cataloging | eng |
| 041 ## - LANGUAGE CODE | |
| Language code of text/sound track or separate title | eng |
| 082 ## - DEWEY DECIMAL CLASSIFICATION NUMBER | |
| Edition number | 23 |
| Classification number | 320.54 |
| Author mark and year | BRO 1942 |
| 100 ## - MAIN ENTRY--PERSONAL NAME | |
| Personal name | Broome, Edwin Cornelius. |
| 9 (RLIN) | 16790 |
| 245 00 - TITLE STATEMENT | |
| Title | Our democracy : |
| Remainder of title | some notes and ideas for speakers and political workers / |
| Statement of responsibility, etc. | by a one-time bureaucrat. |
| 260 ## - PUBLICATION, DISTRIBUTION, ETC. (IMPRINT) | |
| Place of publication, distribution, etc. | New York |
| Date of publication, distribution, etc. | 1942 |
| Name of publisher, distributor, etc. | Macmillan |
| 300 ## - PHYSICAL DESCRIPTION | |
| Pagination | x, 466 p. |
| Illustrations | illus. |
| Size | 21 cm. |
| 942 ## - ADDED ENTRY ELEMENTS (KOHA) | |
| Source of classification or shelving scheme | Dewey Decimal Classification |
| Koha item type | Books |
| Lost status | Source of classification or shelving scheme | Damaged status | Not for loan | Collection code | Permanent Location | Current Location | Shelving location | Date acquired | Source of acquisition | Total Checkouts | Full call number | Date last seen | Copy number | Koha item type |
|---|---|---|---|---|---|---|---|---|---|---|---|---|---|---|
| Dewey Decimal Classification | Not For Loan | Non-fiction | Central Library, University of Rajshahi | Central Library, University of Rajshahi | 01/02/1958 | U. S. I. S. | 320.54 BRO 1942 | 24/12/2013 | C-1 | Books |